Guia de aditivos; ácidos orgânicos, aminoácidos, enzimas, microminerais, vitaminas (Registro n. 85137)
[ somente texto ]
| 000 -LÍDER | |
|---|---|
| campo de controle de tamanho fixo | 00840nam a22002777a 4500 |
| 001 - NÚMERO DE CONTROLE | |
| campo de controle | BR2019000910 |
| 003 - IDENTIFICADOR DO NÚMERO DE CONTROLE | |
| campo de controle | BR-BrBNA |
| 005 - DATA E HORÁRIO DA ÚLTIMA TRANSAÇÃO | |
| campo de controle | 20230928105433.0 |
| 007 - CAMPO FIXO DE DESCRIÇÃO FÍSICA--INFORMAÇÃO GERAL | |
| campo de controle de tamanho fixo | ta |
| 008 - CAMPO DE DADOS FIXOS--INFORMAÇÃO GERAL | |
| campo de controle de tamanho fixo | 230509b bl.||||| |||| 00| 0 por d |
| 040 ## - FONTE DA CATALOGAÇÃO | |
| Instituição da catalogação original | BR-BrBNA |
| Idioma da catalogação | por |
| Instituição que transcreveu o registro | Biblioteca Nacional de Agricultura |
| 041 ## - CÓDIGO DE IDIOMA | |
| Código do idioma do texto/trilha sonora ou título diferente | (Por) |
| 072 ## - CÓDIGO DE CATEGORIA DE ASSUNTO | |
| Código de Categoria de Assunto | Q55 |
| Código do objeto | 3740 |
| 090 ## - NÚMERO DE CHAMADA LOCAL | |
| -- | 3740 BR2019000910 |
| 110 1# - ENTRADA PRINCIPAL--NOME CORPORATIVO | |
| Nome corporativo ou nome da jurisdição | Sindicato Nacional da Indústria de Alimentação Animal, São Paulo, SP (Brasil) |
| 9 (RLIN) | 9546 |
| 245 1# - TÍTULO | |
| Título | Guia de aditivos; ácidos orgânicos, aminoácidos, enzimas, microminerais, vitaminas |
| 260 3# - PUBLICAÇÃO, DISTRIBUIÇÃO, ETC. | |
| Local de publicação, distribuição, etc. | São Paulo, SP (Brasil): |
| Data da publicação, distribuição, etc. | 2005. |
| 300 ## - DESCRIÇÃO FÍSICA | |
| Extensão | 46 p. |
| 500 ## - NOTA GERAL | |
| Nota geral | 1 illus.; 7 tables |
| 650 ## - ASSUNTO--TERMO TÓPICO | |
| Cabeçalho tópico ou nome geográfico | ADITIVO |
| 650 ## - ASSUNTO--TERMO TÓPICO | |
| Cabeçalho tópico ou nome geográfico | RAÇÃO |
| 650 ## - ASSUNTO--TERMO TÓPICO | |
| Cabeçalho tópico ou nome geográfico | TECNOLOGIA DE ALIMENTO |
| 650 ## - ASSUNTO--TERMO TÓPICO | |
| Cabeçalho tópico ou nome geográfico | NUTRIÇÃO ANIMAL |
| 909 ## - | |
| -- | 202309 |
| -- | Lucia |
| -- | 55 |
| -- | Lucia Elande |
| 942 ## - ELEMENTOS DE ENTRADA ADICIONADOS (KOHA) | |
| Tipo de material Koha | Livros |
Nenhum exemplar disponível.

BINAGRI